000 01009nam2a2200253 4500
001 RU\NLR\bibl\1143913
005 20250615074538.0
010 _a978-5-89308-470-2
_bч. 1
_950000
021 _aRU
_b2007-62127
_93320
035 _a(NLR Aleph) 001130747
090 _a1356333
_c1356333
100 _a20071022d2007 |||y0rusy50 ca
101 0 _arus
102 _aRU
105 _aa |||||||||
200 0 _aЧ. 1
210 _d2007
_aБ. м.
215 _a111 с.
_cцв. ил.
461 0 _1001RU\NLR\bibl\1162671
_12001#$aАзбука$vЧ. 1
_91468027
_aБетенькова, Н. М.
_cСмоленск
_d2007
_e4-е изд., испр.
_fН.М. Бетенькова, В.Г. Горецкий, Д.С. Фонин
_nАссоциация XXI век
_oучебник для 1 класса общеобразовательных учреждений : в 2 ч.
_tАзбука
_y978-5-89308-469-6
_vЧ. 1
801 0 _aRU
_bNLR
_c20071022
_gRCR
801 1 _aRU
_bNLR
_c20071022
942 _cBOOK
980 _aNB